Statistics for The Smallest Remaining US State...

Click here to take the quiz!

General Stats

  • This quiz has been taken 59 times
  • The average score is 35 of 50

Answers on the Map

Answers color-coded by a green-red scale on the quiz's map according to % correct below.
 

Answer Stats

HintAnswer% Correct
That shares a land border with MexicoArizona
97%
That is made up of islandsHawaii
97%
That is a Four Corner StateColorado
93%
That shares a land border with CanadaNew Hampshire
93%
That touches the PacificOregon
93%
That is in the Pacific Time ZoneWashington
93%
In New EnglandConnecticut
90%
That touches a Great LakeIndiana
90%
That is a stateRhode Island
90%
That was entirely part of the ConfederacySouth Carolina
90%
With no cities over 100,000 peopleDelaware
87%
With a portion of Yellowstone National ParkIdaho
87%
That borders 8 US statesTennessee
83%
That is landlockedVermont
83%
That splits their electoral votes into two districtsMaine
80%
With over 10 million peopleOhio
77%
That has a point over 13,000 feet highUtah
77%
That borders two other statesFlorida
73%
That starts with MMissouri
73%
That joined the Union in 1787New Jersey
73%
Where at least 4 presidents have been bornVirginia
73%
That was not part of the 13 coloniesWest Virginia
73%
With an NBA teamMassachusetts
70%
That is on the Mississippi RiverMississippi
70%
That touches the Atlantic OceanNew York
70%
With less than a million peopleNorth Dakota
70%
With two wordsSouth Dakota
70%
That is in the Deep SouthAlabama
67%
That does not border any of the previous answersIowa
67%
Where no presidents have been bornMaryland
67%
With over 30% of its area covered in waterMichigan
67%
That became a state after 1900Oklahoma
67%
In the US West Census regionWyoming
67%
Whose name appears in another state's nameKansas
63%
In the US South Census regionKentucky
63%
That shares a land border with CanadaMinnesota
63%
With two words in its capitalArkansas
57%
With at least 5 major league sports teamsPennsylvania
57%
That is larger than MaliAlaska
53%
That shares a land border with another countryMontana
53%
With a team in the 2022 NCAA Championship GameNorth Carolina
53%
That is a stateTexas
53%
That is larger than 50,000 square miles (total area)Louisiana
50%
That is not part of the Mississippi WatershedCalifornia
47%
That voted La Follette in the 1924 US electionWisconsin
47%
That voted red in the 2020 US electionNebraska
43%
That borders a state that hasn't been a previous answerNevada
40%
Without blue on its flagNew Mexico
40%
That does not touch an oceanIllinois
37%
That is part of the Lower 48Georgia
30%

Score Distribution

Percentile by Number Answered

Percent of People with Each Score

Your Score History

You have not taken this quiz